000 00789 a2200193 4500
999 _c5572
_d5572
010 _aENG-86905-08
020 _a8131301753 (set)
_c2000.00 (set)
035 _aEN-70438-41
037 _bDBAD / PUB
082 1 4 _a370.3
100 1 _aMishra, R.C.
245 1 _aEncyclopaedia of modern education /
_cby R.C. Mishra
260 _aNew Delhi
_bA P H Publishing
_c2007
270 _a5, Ansari Road, Darya Ganj
_bNew Delhi
300 _a4 V. (viii, 248p.; viii, 242p.; ix, 264p.; viii, 242p.)
_c21 cm (Hb)
500 _aThis book published in 4 vols. & set price is 2000.00
505 _av.1 Classroom behaviour (viii, 248p.) - v.2 Classroom management (viii, 242p.) - v.3 Lesson planning (ix, 264p.) - v.4 Teaching styles (viii, 242p.)
942 _adpl
_cEN
_2ddc
_h370.3
_mMIS